书目信息 |
| 题名: |
精品咖啡学
|
|
| 作者: | 韩怀宗 著 | |
| 分册: | 上 | |
| 出版信息: | 北京 中国戏剧出版社 2012.09 |
|
| 页数: | 365页 | |
| 开本: | 26cm | |
| 丛书名: | ||
| 单 册: | ||
| 中图分类: | TS273 | |
| 科图分类: | ||
| 主题词: | 饮料--食品工业 , 冷冻食品--食品工业 | |
| 电子资源: | ||
| ISBN: | 978-7-104-03764-4 | |
| 000 | 00751nam0 2200217 450 | |
| 001 | 406 | |
| 005 | 20160906083108.85 | |
| 010 | @a978-7-104-03764-4@dCNY58.00 | |
| 100 | @a20160722d2012 km y0chiy0120 ea | |
| 101 | 0 | @achi |
| 102 | @aCN@b110000 | |
| 200 | 1 | @a精品咖啡学@Ajing pin ka fei xue@e浅焙,单品,庄园豆,第三波精品咖啡大百科@h上@f韩怀宗著@Fhan huai zong zhu |
| 210 | @a北京@c中国戏剧出版社@d2012.09 | |
| 215 | @a365页@d26cm | |
| 517 | 1 | @a浅焙,单品,庄园豆,第三波精品咖啡大百科@Aqian bei,dan pin,zhuang yuan dou,di san bo jing pin ka fei da bai ke |
| 606 | 0 | @a饮料@x食品工业 |
| 606 | 0 | @a冷冻食品@x食品工业 |
| 690 | @aTS273@v4 | |
| 701 | 0 | @a韩怀宗@Ahan huai zong@4著 |
| 801 | 0 | @aCN@b唐山师范学院图书馆@c20160722 |
| 905 | @aZUCC@dTS273@e210:1 | |
| 精品咖啡学:浅焙,单品,庄园豆,第三波精品咖啡大百科.上/韩怀宗著.-北京:中国戏剧出版社,2012.09 |
| 365页;26cm |
| ISBN 978-7-104-03764-4:CNY58.00 |
| ● |
| 相关链接 |
|
|
|
|
正题名:精品咖啡学
索取号:TS273/210:1
 
预约/预借
| 序号 | 登录号 | 条形码 | 馆藏地/架位号 | 状态 | 备注 |
| 1 | 901718 | 209017188 | 第二样本阅览室/ [索取号:TS273/210:1] | 在馆 | |
| 2 | 901719 | 209017197 | 第三借阅区/ [索取号:TS273/210:1] | 在馆 | |
| 3 | 901720 | 209017204 | 第三借阅区/ [索取号:TS273/210:1] | 在馆 | |
| 4 | 901721 | 209017213 | 第三借阅区/ [索取号:TS273/210:1] | 在馆 | |
| 5 | 901722 | 209017222 | 第三借阅区/ [索取号:TS273/210:1] | 在馆 |